UM Logo

The World bank participation source book. (Record no. 6932)

MARC details
000 -LEADER
fixed length control field 00644nam a2200169 4500
008 - FIXED-LENGTH DATA ELEMENTS--GENERAL INFORMATION
fixed length control field 170523b xxu||||| |||| 00| 0 eng d
020 ## - INTERNATIONAL STANDARD BOOK NUMBER
International Standard Book Number 0-8213-3558-8
082 ## - DEWEY DECIMAL CLASSIFICATION NUMBER
Edition number 1996
Classification number DC 338.9
Item number W89
245 ## - TITLE STATEMENT
Title The World bank participation source book.
260 ## - PUBLICATION, DISTRIBUTION, ETC. (IMPRINT)
Place of publication, distribution, etc. Washington, D.C.:
Name of publisher, distributor, etc. The World Bank,
Date of publication, distribution, etc. ©1996.
300 ## - PHYSICAL DESCRIPTION
Extent xvi, 239 pages:
Other physical details Illustrations;
Dimensions 28 cm.
500 ## - GENERAL NOTE
General note Includes index.
650 #0 - SUBJECT ADDED ENTRY--TOPICAL TERM
9 (RLIN) 20976
Topical term or geographic name as entry element World bank
650 #0 - SUBJECT ADDED ENTRY--TOPICAL TERM
9 (RLIN) 20977
Topical term or geographic name as entry element Economic development projects
General subdivision Case studies
Form subdivision Handbooks, manuals, etc.
650 #0 - SUBJECT ADDED ENTRY--TOPICAL TERM
9 (RLIN) 20978
Topical term or geographic name as entry element Economic development project
General subdivision Citizen participation
-- Case studies
Form subdivision Handbooks, manuals, etc.
942 ## - ADDED ENTRY ELEMENTS (KOHA)
Source of classification or shelving scheme Dewey Decimal Classification
Koha item type Circulation
Holdings
Withdrawn status Lost status Source of classification or shelving scheme Damaged status Not for loan Collection code Home library Current library Date acquired Source of acquisition Total Checkouts Full call number Barcode Date last seen Copy number Price effective from Koha item type
    Dewey Decimal Classification     Circulation UM Digos College - LIC UM Digos College - LIC 01/23/2007 PLMP   DC 338.9 W89 1996 18947 05/15/2025 1 05/23/2017 Circulation